000
00301nam a2200133Ia 4500
008
220216s9999 xx 000 0 und d
100
_a
Martin G
245
0
_a
Latex and ISO/TC 45
260
_b
Rubber Developments
_c
1957
300
_a
102-104
650
_a
ISO/TC45
650
_a
Latex
942
_c
JS
999
_c
61984
_d
61984